| 000 | 00687nam a22002537a 4500 | ||
|---|---|---|---|
| 001 | 0000833 | ||
| 003 | KOHA_MİRAKIL | ||
| 005 | 20260207001222.0 | ||
| 007 | ta | ||
| 008 | 081212b2006 tu |||gr||||#||||1|tur | | ||
| 020 |
_a9754711852 _cYTL25,425 |
||
| 040 |
_aTR-BiSEU _btur _cTR-BiSEU _erda |
||
| 041 | 0 | _atur | |
| 044 | _ctu | ||
| 050 |
_aPC2112 _b.F85 1984 |
||
| 245 | 0 | _aFransızca'da düzenli ve düzensiz fiillerin çekimi. | |
| 264 | 1 |
_aİstanbul : _bFono Yayınları _c2006 |
|
| 300 | _a285 sayfa | ||
| 336 |
_ametin _btxt _2rdacontent |
||
| 337 |
_aaracısız _bn _2rdamedia |
||
| 338 |
_acilt _bnc _2rdacarrier |
||
| 650 | 0 |
_aFransızca fiil çekimi. _93392 |
|
| 942 |
_2lcc _cBK |
||
| 999 |
_c828 _d828 |
||